Countries Closest to Iceland (in Icelandic - á íslensku) - Statistics

General Stats
  • This quiz has been taken 79 times
  • The average score is 11 of 20
Answer Stats
km land % Correct
1079 Írland
72%
* 285 * Grænland
70%
1472 Danmörk
65%
973 Noregur
65%
1239 Svíþjóð (Svithjod)
65%
1639 Kanada
63%
1501 Finnland
61%
783 Bretland
58%
* 434 * Færeyjar
58%
1773 Frakkland
58%
1815 Rússland
52%
1632 Þýskaland (Thyskaland)
52%
1657 Holland
48%
2024 Lettland
45%
1783 Belgía
42%
2103 Litháen
42%
1971 Pólland
42%
1949 Eistland
38%
1989 Lúxemborg
32%
2229 Tékkland
31%
No matching quizzes found
Score Distribution
Percent of People with Each Score
Percentile by Number Answered
Your Score History
You have not taken this quiz